000
00297 a2200157 4500
001
181005
020
_a
040
_c
Magnum
100
_a
Bruschi, Eraides
240
1
0
_a
Dudim
_l
por
245
1
0
_a
Dudim
362
0
_a
1899
440
1
_a
Miguilim
697
_a
MAGNITO: I/GERAL
942
_c
BK
999
_c
181005
_d
181005